000 00378nam a22001457a 4500
008 230228b |||||||| |||| 00| 0 eng d
020 _a978-0-571-36490-9
082 _a813.54
100 _aKazuo Ishiguro
245 _aKlara and the Sun
260 _bFaber and Faber,
_c2022
300 _a340 p.
_c20.7 cm
942 _2ddc
999 _c9365
_d9366